000 01505cam a2200133 4500500
005 20260329023233.0
041 _afre
042 _adc
100 1 0 _aLemire, Vincent
_eauthor
245 0 0 _aJérusalem 1900 : La ville sainte à l'âge des possibles
260 _bArmand Colin,
_c2013.
520 _aJérusalem n’a pas toujours été un champ de bataille. À l’orée du XXe siècle, une autre histoire se dessine, portée par l’émergence d’une identité citadine partagée, loin des dérives communautaristes qui semblent aujourd’hui l’emporter. Cette histoire a longtemps été oubliée et mérite à elle seule d’être racontée. On y croise un maire arabe polyglotte, un député ottoman franc-maçon, des Juifs levantins, mais aussi des archéologues occidentaux occupés à creuser le sous-sol pour faire ressurgir les lieux saints de la «  Jérusalem biblique  ». Vincent Lemire restitue cette période exceptionnelle en s’appuyant sur les recherches les plus récentes et sur de nombreuses sources inédites, notamment les archives de la municipalité ottomane de Jérusalem. Alors que la ville sainte est aujourd’hui à un nouveau tournant de son histoire et que la question de son partage se pose une fois encore, il faut se souvenir de cet «  âge des possibles  » qui peut livrer quelques clés pour mieux comprendre le présent et envisager l’avenir.
856 4 1 _uhttps://shs.cairn.info/jerusalem-1900--9782200350604?lang=fr&redirect-ssocas=7080
999 _c1925705
_d1925704